Odmeny členov štatutárnych orgánov v roku 1999
Rekapitulácia zmien zákona č. 286/1992 Zb. v znení neskorších predpisov v ustanoveniach upravujúcich odmeny členov štatutárnych orgánov s účinnosťou od 1. 1. 1999. Zmeny s účinnosťou od 1. 4. 1999. Praktický príklad zdanenia odmien členov štatutárnych orgánov.
Salvato in:
| Autore principale: | |
|---|---|
| Natura: | Capitolo di libro |
| Lingua: | slovacco |
| Soggetti: | |
| Tags: |
Nessun Tag, puoi essere il primo ad aggiungerne!!
|
MARC
| LEADER | 00000naa a2200000 4500 | ||
|---|---|---|---|
| 001 | r035458 | ||
| 005 | 20230926081321.1 | ||
| 041 | 0 | |a slo | |
| 044 | |a SK | ||
| 245 | 1 | 0 | |a Odmeny členov štatutárnych orgánov v roku 1999 |c Dagmar Piršelová |
| 520 | |a Rekapitulácia zmien zákona č. 286/1992 Zb. v znení neskorších predpisov v ustanoveniach upravujúcich odmeny členov štatutárnych orgánov s účinnosťou od 1. 1. 1999. Zmeny s účinnosťou od 1. 4. 1999. Praktický príklad zdanenia odmien členov štatutárnych orgánov. | ||
| 610 | 2 | 0 | |a odmeny |
| 610 | 2 | 0 | |a zdaňovanie |
| 610 | 2 | 0 | |a orgány štatutárne |
| 610 | 2 | 0 | |a úpravy právne |
| 610 | 2 | 0 | |a novelizácia |
| 610 | 2 | 0 | |a január |
| 610 | 2 | 0 | |a apríl |
| 610 | 2 | 0 | |a 1999 |
| 100 | 1 | |a Piršelová, Dagmar | |